• AIU
  • Tony Wilmot Memorial Library
Normal view MARC view

Entry Geographic Name

Number of records used in: 1

001 - CONTROL NUMBER

  • control field: 48360

003 - CONTROL NUMBER IDENTIFIER

  • control field: OSt

005 - DATE AND TIME OF LATEST TRANSACTION

  • control field: 20190206131646.0

008 - FIXED-LENGTH DATA ELEMENTS

  • fixed length control field: 190206|| aca||aabn | a|a d

040 ## - CATALOGING SOURCE

  • Original cataloging agency: OSt
  • Transcribing agency: OSt

151 ## - HEADING--GEOGRAPHIC NAME

  • Geographic name: Islamic countries
  • General subdivision: Indexes.

670 ## - SOURCE DATA FOUND

  • Source citation: Work cat.: (OSt)57018: Lent, J. van (Jos M. J. M.) 21749, The encyclopaedia of Islam. Glossary and index of technical terms to volumes I-VIII and to the supplement, fascicules 1-6 /, 1997.